| 000 | 00602nam a22002057a 4500 | ||
|---|---|---|---|
| 003 | DO-SdBNP | ||
| 005 | 20210914143946.0 | ||
| 007 | ta | ||
| 008 | 210914e2019 dr ||||er|||| 00| p spa d | ||
| 020 | _a9789945914948 | ||
| 040 |
_aDO-SdBNP _bspa _cBNPHU |
||
| 082 | _bU42m | ||
| 100 | 1 |
_aUlloa RodrĂguez, Luis Apolinar _d1982 _979875 |
|
| 245 | 1 | 0 |
_aMis noches de desvelos / _cLuis Ulloa |
| 260 |
_aSanto Domingo : _bPoeta de la Era, _bNelson Soto, _c2019 |
||
| 300 |
_a71 p.; _c22 cm |
||
| 500 | _aIncluye biografĂa del autor en la cubierta. | ||
| 590 | _aInventariado 2021 / MF | ||
| 942 |
_2ddc _cLBS1 |
||
| 999 |
_c50500 _d50500 |
||